000 00446 a2200157 4500
020 _a0070249318
082 0 0 _a621.38153
090 _c6091
_d6091
100 1 _aGrob, Bernard.
245 1 0 _aElectronic circuits and applications /
_cBernard Grob.
260 _aNew York :
_bGregg Division, McGraw-Hill,
_cc1982.
300 _ax, 468 p. :
_bill. ;
_c24 cm.
500 _aIncludes index.
650 0 _aElectronic circuits.
942 _cBK
_k621.38153 GRO
999 _c9925
_d9925